| 000 | 00521nam a2200193 a 4500 | ||
|---|---|---|---|
| 001 | 53261 | ||
| 005 | 20180714043437.0 | ||
| 008 | 140415s1982 mx 000 0 spa d | ||
| 041 | _aspa | ||
| 082 |
_a335.411 _bCOR |
||
| 100 | 1 | _aCORNFORTH, MAURICE | |
| 245 | 1 | 0 | _aMATERIALISMO Y METODO DIALECTICO |
| 250 | _a1a ed. | ||
| 260 |
_aMEXICO : _bNUESTRO TIEMPO, _c1982 |
||
| 300 | _a161 | ||
| 490 | _aCUESTIONES FILOSOFICAS | ||
| 650 | 1 | 4 | _aMATERIALISMO DIALECTICO |
| 700 | 1 |
_aSTAVENHAGEN, RODOLFO _etr. |
|
| 999 |
_c53261 _d53261 |
||